Normal view MARC view
  • Medical sciences

Entry Topical Term

Number of records used in: 1

001 - CONTROL NUMBER

  • control field: 41389

003 - CONTROL NUMBER IDENTIFIER

  • control field: OSt

005 - DATE AND TIME OF LATEST TRANSACTION

  • control field: 20161010115934.0

008 - FIXED-LENGTH DATA ELEMENTS

  • fixed length control field: 161010|| aca||babn | a|a d

040 ## - CATALOGING SOURCE

  • Original cataloging agency: OSt

150 ## - HEADING--TOPICAL TERM

  • Topical term or geographic name as entry element: Medical sciences

450 ## - SEE FROM TRACING--TOPICAL TERM

  • Topical term or geographic name entry element: Basic medical sciences

450 ## - SEE FROM TRACING--TOPICAL TERM

  • Topical term or geographic name entry element: Basic sciences, Medical

450 ## - SEE FROM TRACING--TOPICAL TERM

  • Topical term or geographic name entry element: Biomedical sciences

450 ## - SEE FROM TRACING--TOPICAL TERM

  • Topical term or geographic name entry element: Health sciences

450 ## - SEE FROM TRACING--TOPICAL TERM

  • Topical term or geographic name entry element: Preclinical sciences

450 ## - SEE FROM TRACING--TOPICAL TERM

  • Topical term or geographic name entry element: Sciences, Medical

550 ## - SEE ALSO FROM TRACING--TOPICAL TERM

  • Topical term or geographic name entry element: Life sciences

550 ## - SEE ALSO FROM TRACING--TOPICAL TERM

  • Topical term or geographic name entry element: Medicine